LEADER 00741cam0 22002411 450 001 SOBE00020032 005 20150525093036.0 100 $a20111124d1929 |||||ita|0103 ba 101 $aeng 102 $aGB 200 1 $aMornings in Florence$fby John Ruskin 210 $aLondon$cAllen & Unwin$d1929 215 $aVI, 208 p.$d17 cm 700 1$aRuskin$b, John$3AF00007038$4070$011255 801 0$aIT$bUNISOB$c20150525$gRICA 850 $aUNISOB 852 $aUNISOB$j820$m95969 912 $aSOBE00020032 940 $aM 102 Monografia moderna SBN 941 $aM 957 $a820$b001722$gSI$d95969$rdono Brofferio$1rovito$2UNISOB$3UNISOB$420111124101358.0$520111124101419.0$6rovito 996 $aMornings in Florence$920694 997 $aUNISOB